L'Inauguration de la maison de Toud, donnée à l'Institut français d'archéologie orientalepar le comte et la comtesse de Fels, prince et princesse de Heffingen le 5 février 1934

محفوظ في:

مؤلف مشترك: Institut français d'archéologie orientale du Caire

التنسيق: كتاب

اللغة: Undetermined

منشور في: Le Caire de l'Institut français d'archéologie orientale, 1934

الموضوعات:

الوسوم: إضافة وسم

لا توجد وسوم, كن أول من يضع وسما على هذه التسجيلة!

رقم الطلب: (P)DT56.8 .C6

LEADER 00570nam a2200133Ia 4500
008 240503s9999||||xx |||||||||||||| ||und||
050 4 |a (P)DT56.8 .C6 
245 1 0 |a L'Inauguration de la maison de Toud, donnée à l'Institut français d'archéologie orientalepar le comte et la comtesse de Fels, prince et princesse de Heffingen le 5 février 1934  
264 1 |a Le Caire  |b de l'Institut français d'archéologie orientale,  |c 1934 
300 |a 27  |c 29 
650 4 |a Egypt Antiquities  
710 2 |a Institut français d'archéologie orientale du Caire 
942 |2 lcc  |c PT 
999 |c 58247  |d 58247